Trouble brewing (Record no. 68014)

MARC details
000 -LEADER
fixed length control field 01198cam a2200217 4500
001 - CONTROL NUMBER
control field ABS64342
008 - FIXED-LENGTH DATA ELEMENTS--GENERAL INFORMATION
fixed length control field 010816n2001 000 0 eng u
035 ## - SYSTEM CONTROL NUMBER
System control number (Sirsi) u114165
100 ## - MAIN ENTRY--PERSONAL NAME
Personal name Cottingham, M
245 ## - TITLE STATEMENT
Title Trouble brewing
260 ## - PUBLICATION, DISTRIBUTION, ETC.
Date of publication, distribution, etc. 2001
490 ## - SERIES STATEMENT
Series statement Property Week
Volume/sequential designation 66(30) 27 July 2001, 76-77(2)
520 ## - SUMMARY, ETC.
Summary, etc. Report on the coffee shop sector where the smaller chains are struggling to compete with the market leaders, Starbucks and Costa, dominating the high street. The first signs of consolidation are appearing with negotiations between Madisons and Starbucks for the sale of Madisons' central London outlets and with even larger mid-market chains, such as Coffee Republic, admitting to finding it impossible to compete with the market leaders. Evidence points to only Starbucks and Costa being able to afford premium rents but that smaller chains may be able to flourish locally rather than in London.
590 ## - LOCAL NOTE (RLIN)
Local note ABS
650 ## - SUBJECT ADDED ENTRY--TOPICAL TERM
Topical term or geographic name entry element COFFEE SHOPS
650 ## - SUBJECT ADDED ENTRY--TOPICAL TERM
Topical term or geographic name entry element PROPERTY-COMMERCIAL PROPERTY-RETAIL PROPERTY-RETAIL PROPERTY MARKET
650 ## - SUBJECT ADDED ENTRY--TOPICAL TERM
Topical term or geographic name entry element HIGH STREET RETAILERS
650 ## - SUBJECT ADDED ENTRY--TOPICAL TERM
Topical term or geographic name entry element CONSOLIDATION
690 ## - LOCAL SUBJECT ADDED ENTRY--TOPICAL TERM (OCLC, RLIN)
Topical term or geographic name as entry element PROPERTY-COMMERCIAL PROPERTY-RETAIL PROPERTY
942 ## - ADDED ENTRY ELEMENTS (KOHA)
Suppress in OPAC 0
Holdings
Withdrawn status Lost status Source of classification or shelving scheme Damaged status Not for loan Home library Current library Shelving location Date acquired Total Checkouts Full call number Barcode Date last seen Copy number Price effective from Koha item type
    Dewey Decimal Classification     London London Journal article 16/08/2001   ABS64342 114165-1001 06/08/2019 1 06/08/2019 Journal article